| 000 | 00915cam a22002532 4500 | ||
|---|---|---|---|
| 001 | 25138 | ||
| 003 | BD-RjUL | ||
| 005 | 20211209050834.0 | ||
| 008 | 140316s1967 ctuabh b 001 0 eng d | ||
| 035 |
_aOCLC ocm06195921 from D961029M _a(BD-RjUL)25207 |
||
| 040 |
_aDLC _cDLC _dOCL _dUKM _dBD-RjUL _beng |
||
| 041 | _aeng | ||
| 082 |
_a320.9515 _bSHT 1967 |
||
| 100 | 1 |
_aShakabpa, W. D. _q(Wangchuk Deden), _d1908-1989 _977345 |
|
| 245 | 1 | 0 |
_aTibet : _ba political history / _cby Tsepon W. D. Shakabpa. |
| 260 |
_aNew Haven : _bYale University Press, _cc1967. |
||
| 300 |
_axii, 369 p. : _billus., facsims. (part col., 1 in pocket) fold. map (in pocket) ; _c24 cm. |
||
| 504 | _aBibliography: p. 335-341 and index. | ||
| 650 |
_aPolitics and government. _977346 |
||
| 651 | 0 |
_aTibet Autonomous Region (China) _xPolitics and government. _977347 |
|
| 942 |
_2ddc _cBK |
||
| 999 |
_c25138 _d25138 |
||